000 00663nam a2200193 a 4500
001 000044764
005 20201002045617.0
008 150109s2012 dr ab r 000 0 spa d
020 _a9789945412710
040 _aDO-SdBNP
_bspa
_cBNPHU
082 _axxxx
_bxxxx
100 1 _aMedina, Dilenia
_972772
245 1 4 _aLas Protestas Sociales en República Dominicana 2010 /
_cDilenia Medina.
260 _aSanto Domingo :
_bFundación Global Democracia y Desarrollo (Funglode),
_c2012.
300 _a29 p. ;
_c24 cm.
490 1 _aCuadernos del OPD
_aSerie Sociedad Civil
_v3
590 _aInventariado, 2019/BT
830 0 0 _aCuadernos del OPD
_pSociedad Civil
_n3
_972773
999 _c44253
_d44253